| 000 | 00455nam a22001697a 4500 | ||
|---|---|---|---|
| 999 |
_c11168 _d11168 |
||
| 003 | OSt | ||
| 008 | 220420b ||||| |||| 00| 0 eng d | ||
| 020 | _a978812410683 | ||
| 082 | _a746.92 JAF | ||
| 100 | _aJAIN, Payal | ||
| 245 | _aFashion Studies : An Introducation | ||
| 250 | _aIst Edition | ||
| 260 |
_aNew delhi _bHar - Anand Publications Pvt. Ltd _c2005 |
||
| 300 | _a128 | ||
| 650 | _aFashion Studies: An Introduction B.F.A.D | ||
| 942 |
_2ddc _cBK |
||